000 00610nam a2200181Ia 4500
005 20260429112232.0
008 260429s9999||||xx |||||||||||||| ||und||
020 _a9789389127058
041 _aHindi
082 _a891.433
_bKIS
100 _aनवलकिशोर
245 0 _aआधुनिक हिन्दी उपन्यास और मानवीय अर्थवता /
_cनवलकिशोर
250 _arep.
260 _aनई दिल्ली :
_bप्रकाशन संस्थान,
_c2019.
300 _a219 p.; Hb
650 _aHindi Literature
942 _cTB
999 _c53040
_d53040